Statistics for Mexico First Level Subdivisions

Click here to take the quiz!

General Stats

  • This quiz has been taken 21 times
  • The average score is 21 of 32

Answer Stats

Estados% Correct
Mexico City
100%
México
100%
Chihuahua
93%
Baja California
93%
Oaxaca
87%
Sonora
80%
Jalisco
73%
Zacatecas
73%
Yucatán
73%
Quintana Roo
73%
Aguascalientes
73%
Chiapas
73%
Baja California Sur
67%
Veracruz
67%
Colima
67%
Querétaro
67%
Coahuila
60%
Tabasco
60%
Puebla
60%
Campeche
53%
Tlaxcala
53%
Nayarit
53%
San Luis Potosí
53%
Guerrero
53%
Nuevo León
53%
Durango
53%
Sinaloa
47%
Guanajuato
47%
Morelos
47%
Michoacán
47%
Hidalgo
47%
Tamaulipas
40%

Score Distribution

Percentile by Number Answered

Percent of People with Each Score

Your Score History

You have not taken this quiz